Normal view MARC view
  • Tahir Bizenjo

Entry Personal Name

Number of records used in: 3

001 - CONTROL NUMBER

  • control field: 4534

003 - CONTROL NUMBER IDENTIFIER

  • control field: NUST

005 - DATE AND TIME OF LATEST TRANSACTION

  • control field: 20170911131123.0

008 - FIXED-LENGTH DATA ELEMENTS

  • fixed length control field: 170911|| aca||aabn | a|a d

040 ## - CATALOGING SOURCE

  • Original cataloging agency: NUST
  • Transcribing agency: NUST

100 ## - HEADING--PERSONAL NAME

  • Personal name: Tahir Bizenjo

670 ## - SOURCE DATA FOUND

  • Source citation: Work cat.: (NUST): Tahir Bizenjo, Babaye Balochistan /, 2011
© 2023 Central Library, National University of Sciences and Technology. All Rights Reserved.